Statistics for Geography By Letter: A

Click here to take the quiz!

General Stats

  • This quiz has been taken 54 times
    (53 since last reset)
  • The average score is 7 of 10

Answer Stats

HintAnswer% Correct
Largest river in South AmericaAmazon River
94%
Phoenix is the capital of this US stateArizona
94%
Coldest place on earthAntarctica
92%
Oceania or _________?Australia
92%
This language is associated with IslamArabic
88%
Capital city of AlgeriaAlgiers
85%
A Caribbean island part of the NetherlandsAruba
69%
Official name of EgyptArab Republic of Egypt
31%
Brazilian state and Israeli cityAcre
19%
Capital city of NiueAlofi
17%

Score Distribution

Percentile by Number Answered

Percent of People with Each Score

Your Score History

You have not taken this quiz since the last reset